000 00294nam a2200133Ia 4500
008 231129s1962||||xx |||||||||||||| ||spa||
040 _bspa
082 _aF843 C371c
100 _aCau Jean
245 0 _aLa compasion divina
260 _c1962
264 _aJoaquin Mortiz
942 _2ddc
_cBKS
999 _c16690
_d16690